Les emotions et la guerre (Record no. 56573)
[ view plain ]
| 000 -LEADER | |
|---|---|
| campo de control de longitud fija | 00477nam a2200145 i 4500 |
| 001 - NÚMERO DE CONTROL | |
| campo de control | 56573 |
| 003 - IDENTIFICADOR DE NÚMERO DE CONTROL | |
| campo de control | ES-MaACL |
| 007 - CAMPO FIJO DE DESCRIPCIÓN FÍSICA--INFORMACIÓN GENERAL | |
| campo de control de longitud fija | t| |
| 008 - DATOS DE LONGITUD FIJA--INFORMACIÓN GENERAL | |
| campo de control de longitud fija | 031010s1918 fr ||||1| fre d |
| 100 1# - ENTRADA PRINCIPAL--NOMBRE DE PERSONA | |
| Nombre de persona | Dide, Maurice. |
| 9 (RLIN) | 44509 |
| 245 14 - MENCIÓN DEL TÍTULO | |
| Título | Les emotions et la guerre |
| Resto del título | : reactions des individus et des collectivites dans le conglit moderne / |
| Mención de responsabilidad, etc. | par Maurice Dide. |
| 260 ## - PUBLICACIÓN, DISTRIBUCIÓN, ETC. | |
| Lugar de publicación, distribución, etc. | París : |
| Nombre del editor, distribuidor, etc. | [s.n., |
| Fecha de publicación, distribución, etc. | 1918] ( |
| Lugar de fabricación/manufactura | Coulommiers : |
| Fabricante | P. Brodard) |
| 300 ## - DESCRIPCIÓN FÍSICA | |
| Extensión | 276 p. ; |
| Dimensiones | 22 cm. |
| 852 ## - LOCALIZACIÓN | |
| Ubicación | ES-MaACL |
| Número de control de estantería | B-6343 |
| Estatus retirado | Estado de pérdida | Estado de daño | No para préstamo | Biblioteca de origen | Biblioteca actual | Ubicación en estantería | Fecha de adquisición | Fuente de adquisición | Total de préstamos | Signatura topográfica completa | Código de barras | Visto por última vez | Precio de reemplazo | Tipo de ítem Koha |
|---|---|---|---|---|---|---|---|---|---|---|---|---|---|---|
| Biblioteca del Ateneo de Madrid | Biblioteca del Ateneo de Madrid | Sala Pardo Bazán | 17/01/2008 | B-6343 | 1059413 | 23/02/2023 | 23/02/2023 | Libro impreso |
